000 00708nam a22002297a 4500
999 _c4277
_d4277
003 URS
005 20220117120239.0
008 190704b ||||| |||| 00| 0 eng d
020 _a9789710445028
040 _erda
_cURS
_beng
050 _aLB 1050.53
_b.B4568 2007
100 _aBernardez, Edisteo B.
245 _aDevelopmental reading 1 /
_cDr. Edisteo B. Bernardez.
264 1 _aMandaluyong City :
_bBooks Atbp. Publishing Corp.,
_c2007.
300 _axi, 309 pages ;
_c23 pages.
336 _atext
_btxt
_2rdacontent
337 _aunmediated
_bn
_2rdamedia
338 _avolume
_bnc
_2rdacarrier
504 _aIncludes bibliographical references.
650 _aDevelopmental reading.
942 _2lcc
_cF